[Event "FIDE World Uni Rapid-A 1st"]
[Site "Tornelo INT"]
[Date "2021.03.21"]
[Round "10"]
[White "Goldbeck, Lars"]
[Black "Hernandez Vazquez, Gerardo"]
[Result "0-1"]
[WhiteElo "2235"]
[BlackElo "1886"]
[PlyCount "102"]
[EventDate "2021.03.20"]
[EventType "swiss (rapid)"]
[EventRounds "12"]
[EventCountry "NET"]
[SourceTitle "CBM 201 Extra"]
[Source "ChessBase"]
[SourceDate "2021.05.31"]
[SourceVersion "1"]
[SourceVersionDate "2021.05.31"]
[SourceQuality "1"]

1. e4 e6 2. d4 d5 3. Nc3 Nf6 4. Bg5 Be7 5. e5 Nfd7 6. h4 a6 7. Nf3 c5 8. dxc5 Nc6 9. Qd2 Nxc5 10. 0-0-0 b5 11. Bd3 Bb7 12. Qf4 Rc8 13. Kb1 b4 14. Ne2 a5 15. Bb5 h6 16. Bxe7 Qxe7 17. Ned4 Kf8 18. Bxc6 Bxc6 19. Rh3 Bd7 20. Rg3 Ne4 21. Rf1 Nxg3 22. fxg3 Kg8 23. g4 a4 24. g5 hxg5 25. Nxg5 Be8 26. g3 Rc4 27. b3 axb3 28. axb3 Rc8 29. Qg4 Rh6 30. h5 Ra8 31. Rf3 Qa7 32. Kc1 Qe7 33. Kd2 Ra1 34. Nh3 Qa7 35. Ng5 Qa3 36. Ne2 Qb2 37. Qf4 Qb1 38. Nxf7 Rxh5 39. Ng5 Qe1+ 40. Ke3 Rxg5 41. Qxg5 d4+ 42. Kf4 Qxe2 43. Qd8 Qb5 44. Kg5 Qd7 45. Qb6 Re1 46. Qc5 Bf7 47. Rf2 Qd8+ 48. Kg4 Re3 49. Qa7 Bg6 50. Qa6 Bf5+ 51. Kf4 g5# 0-1

[Event "FIDE World Uni Rapid-A 1st"]
[Site "Tornelo INT"]
[Date "2021.03.20"]
[Round "6"]
[White "Hernandez Vazquez, Gerardo"]
[Black "Dolana, Andrei Theodor"]
[Result "0-1"]
[WhiteElo "1886"]
[BlackElo "2359"]
[PlyCount "136"]
[EventDate "2021.03.20"]
[EventType "swiss (rapid)"]
[EventRounds "12"]
[EventCountry "NET"]
[SourceTitle "CBM 201 Extra"]
[Source "ChessBase"]
[SourceDate "2021.05.31"]
[SourceVersion "1"]
[SourceVersionDate "2021.05.31"]
[SourceQuality "1"]

1. e4 c5 2. Nf3 e6 3. d4 cxd4 4. Nxd4 Nc6 5. Nc3 Qc7 6. g3 a6 7. Bg2 d6 8. 0-0 Bd7 9. Re1 Be7 10. Nce2 Nf6 11. c3 0-0 12. Nxc6 Bxc6 13. Nd4 Bd7 14. h3 g6 15. Bh6 Rfe8 16. Kh2 e5 17. Nc2 Bf8 18. Bxf8 Kxf8 19. Qd2 Bc6 20. Rad1 Rad8 21. Nb4 Kg7 22. Qg5 h6 23. Qd2 Rd7 24. c4 Rc8 25. b3 Qb6 26. Nd3 a5 27. Qb2 Rcd8 28. Qc3 Qc7 29. Rc1 b6 30. Rc2 Re7 31. Rce2 Nd7 32. f4 Nc5 33. fxe5 dxe5 34. Nf4 Rd4 35. Nd5 Bxd5 36. exd5 Rd3 37. Qa1 f6 38. Be4 Nxe4 39. Rxe4 b5 40. Qc1 Qc5 41. R1e3 Rxd5 42. Qe1 Rd6 43. Qxa5 Ra7 44. Qxb5 Rxa2+ 45. Kh1 Ra1+ 46. Re1 Rxe1+ 47. Rxe1 Qxb5 48. cxb5 Rb6 49. Rc1 Rxb5 50. Rc7+ Kf8 51. Rc3 Ke7 52. Rc7+ Ke6 53. Rc3 Kd5 54. Kg2 Rb6 55. Kf2 Kd4 56. Rf3 e4 57. Re3 f5 58. h4 g5 59. hxg5 hxg5 60. Ke2 f4 61. gxf4 gxf4 62. Rh3 f3+ 63. Kf2 Rxb3 64. Rh8 Rb2+ 65. Kg3 Ke3 66. Rc8 Rg2+ 67. Kh3 Rg7 68. Rc3+ Kf4 0-1

[Event "FIDE World Uni Blitz-D 1st"]
[Site "Tornelo INT"]
[Date "2021.03.13"]
[Round "4.30"]
[White "Hernandez Vazquez, Gerardo"]
[Black "Medvedyk, Volodymyr"]
[Result "0-1"]
[WhiteElo "1886"]
[BlackElo "2159"]
[PlyCount "78"]
[EventDate "2021.03.13"]
[EventType "swiss (blitz)"]
[EventRounds "10"]
[EventCountry "NET"]
[SourceTitle "EXT 2022"]
[Source "ChessBase"]
[SourceDate "2021.10.06"]
[SourceVersion "1"]
[SourceVersionDate "2021.10.06"]
[SourceQuality "1"]

1. e4 c5 2. Nf3 d6 3. d4 cxd4 4. Nxd4 Nf6 5. Nc3 a6 6. Bc4 e6 7. Bb3 Be7 8. f3 0-0 9. Be3 b5 10. Qd2 Bb7 11. 0-0-0 Nbd7 12. g4 Nc5 13. h4 b4 14. Na4 Qa5 15. Nxc5 dxc5 16. Ne2 Rfd8 17. Qe1 Qb5 18. c4 Qc6 19. Ng3 a5 20. Rxd8+ Rxd8 21. Qe2 a4 22. Bc2 b3 23. axb3 Bd6 24. Rd1 Ra8 25. g5 Nd7 26. Nh5 a3 27. bxa3 Rxa3 28. Qd2 Ra1+ 29. Kb2 Be5+ 30. Bd4 Bxd4+ 31. Qxd4 cxd4 32. Rxa1 Ne5 33. f4 d3 34. Bd1 Nf3 35. Bxf3 Qc5 36. Rf1 Qe3 37. Kc3 d2+ 38. Kc2 Qe1 39. Rf2 Qxf2 0-1

[Event "FIDE World Uni Blitz-D 1st"]
[Site "Tornelo INT"]
[Date "2021.03.13"]
[Round "7.56"]
[White "Lugo Aldana, David Eugenio"]
[Black "Hernandez Vazquez, Gerardo"]
[Result "0-1"]
[WhiteElo "1490"]
[BlackElo "1886"]
[PlyCount "72"]
[EventDate "2021.03.13"]
[EventType "swiss (blitz)"]
[EventRounds "10"]
[EventCountry "NET"]
[SourceTitle "EXT 2022"]
[Source "ChessBase"]
[SourceDate "2021.10.06"]
[SourceVersion "1"]
[SourceVersionDate "2021.10.06"]
[SourceQuality "1"]

1. e4 e6 2. d4 d5 3. e5 c5 4. c3 Nc6 5. Nf3 Nge7 6. Bd3 Nf5 7. 0-0 cxd4 8. cxd4 Nfxd4 9. Nxd4 Nxd4 10. Nc3 Nc6 11. Qe2 Be7 12. Kh1 Bd7 13. f4 g6 14. Rf3 Nd4 15. Qf2 Nxf3 16. Qxf3 Bc6 17. Qh3 Rc8 18. Bd2 a6 19. Rf1 0-0 20. Rf3 d4 21. Ne4 Bxe4 22. Bxe4 Bb4 23. g4 Bxd2 24. f5 Be3 25. f6 Rc1+ 26. Rf1 Rxf1+ 27. Qxf1 Qc7 28. h4 Qxe5 29. g5 Qxe4+ 30. Kh2 Qxh4+ 31. Kg2 Rc8 32. Kf3 Qxg5 33. Ke4 Qd5+ 34. Kd3 Qb5+ 35. Ke4 Qxf1 36. b4 Qf5# 0-1

[Event "FISU World University"]
[Site "Tornelo INT"]
[Date "2020.10.27"]
[Round "5.16"]
[White "Stoeri, Laura"]
[Black "Hernandez Vazquez, Gerardo"]
[Result "1/2-1/2"]
[WhiteElo "2126"]
[BlackElo "1886"]
[PlyCount "214"]
[EventDate "2020.10.26"]
[EventType "team-swiss (rapid)"]
[EventRounds "9"]
[EventCountry "NET"]
[SourceTitle "CBM 199 Extra"]
[Source "ChessBase"]
[SourceDate "2021.01.31"]
[SourceVersion "1"]
[SourceVersionDate "2021.01.31"]
[SourceQuality "1"]
[WhiteTeam "Switzerland"]
[BlackTeam "Mexico V"]
[WhiteTeamCountry "SUI"]
[BlackTeamCountry "MEX"]

1. e4 e6 2. d4 d5 3. Nd2 Nf6 4. e5 Nfd7 5. Bd3 c5 6. c3 Nc6 7. Ngf3 a6 8. 0-0 b5 9. dxc5 Ndxe5 10. Nb3 Nxd3 11. Qxd3 Be7 12. Re1 0-0 13. Bf4 Bb7 14. Re2 a5 15. Nfd4 b4 16. Nxc6 Bxc6 17. cxb4 axb4 18. Nd4 Bb7 19. Rc2 Qa5 20. Nb3 Qa4 21. Qe3 Bf6 22. Rd2 Rfc8 23. h3 Qc6 24. Qg3 Ba6 25. Bd6 Bc4 26. Nd4 Qa6 27. b3 Bb5 28. Rad1 Be8 29. Qf4 Qb7 30. h4 Be7 31. h5 h6 32. Nf3 f6 33. Qg4 Qd7 34. Re2 Bxd6 35. cxd6 e5 36. Qxb4 d4 37. Ne1 Bxh5 38. f3 Rc6 39. Nd3 Qxd6 40. Qe1 Rca6 41. a4 Bf7 42. Rb2 Rb6 43. Rdb1 Bg6 44. Qd1 Qc6 45. Rc1 Qd7 46. Nc5 Qd5 47. b4 Be8 48. a5 Rxa5 49. Rcb1 Rab5 50. Qd3 Bf7 51. Qa3 Rb8 52. Qa7 Bg6 53. Rc1 Kh7 54. Na6 R5b7 55. Qc5 Qxc5 56. Rxc5 Ra8 57. Rc6 Be8 58. Rd6 Bb5 59. Nc5 Rbb8 60. Kf2 Kg6 61. Ne6 Kf7 62. Nc7 Ke7 63. Rd5 Bc6 64. Rc5 Kd6 65. Nxa8 Bxa8 66. Ra5 Bc6 67. Ra6 Kd7 68. Rc2 Bd5 69. Rc5 Bb7 70. Ra7 Kd6 71. Rca5 g6 72. b5 Kc5 73. Ke2 f5 74. Kd2 e4 75. fxe4 Bxe4 76. Rg7 g5 77. Rg6 Kb4 78. Ra2 Rxb5 79. Rb2+ Kc4 80. Rxb5 Kxb5 81. Rxh6 Bxg2 82. Rh5 Be4 83. Rxg5 Kc4 84. Rg8 Kd5 85. Re8 Kc4 86. Rd8 Kc5 87. Ke2 Kc4 88. Rc8+ Kd5 89. Re8 Kc5 90. Kd2 Kd5 91. Ke2 Kc4 92. Rc8+ Kd5 93. Re8 Kc4 94. Rc8+ Kd5 95. Re8 Kc5 96. Kd2 Kd6 97. Ke2 Bc6 98. Rd8+ Ke5 99. Rc8 Be4 100. Re8+ Kf4 101. Rd8 Ke5 102. Re8+ Kf4 103. Rd8 Ke5 104. Re8+ Kf4 105. Rd8 Ke5 106. Re8+ Kf4 107. Rd8 Ke5 1/2-1/2

[Event "FISU World University"]
[Site "Tornelo INT"]
[Date "2020.10.26"]
[Round "3.21"]
[White "Sandoval Mercado, Carlos"]
[Black "Hernandez Vazquez, Gerardo"]
[Result "1/2-1/2"]
[WhiteElo "2298"]
[BlackElo "1886"]
[PlyCount "160"]
[EventDate "2020.10.26"]
[EventType "team-swiss (rapid)"]
[EventRounds "9"]
[EventCountry "NET"]
[SourceTitle "CBM 199 Extra"]
[Source "ChessBase"]
[SourceDate "2021.01.31"]
[SourceVersion "1"]
[SourceVersionDate "2021.01.31"]
[SourceQuality "1"]
[WhiteTeam "Mexico"]
[BlackTeam "Mexico V"]
[WhiteTeamCountry "MEX"]
[BlackTeamCountry "MEX"]

1. d4 d5 2. Nf3 Nf6 3. g3 g6 4. Bg2 Bg7 5. 0-0 0-0 6. c4 c6 7. b3 Ne4 8. Bb2 f5 9. Ne5 e6 10. Nd2 Nd7 11. Nxd7 Bxd7 12. Nf3 a5 13. Ne5 Nf6 14. Rc1 a4 15. Ba3 Re8 16. b4 Ne4 17. c5 Rf8 18. f3 Ng5 19. e3 Nf7 20. f4 Be8 21. Rf2 g5 22. Rb2 Nxe5 23. dxe5 Kh8 24. Bf1 Bh6 25. b5 gxf4 26. exf4 Rg8 27. Kh1 Qc7 28. Qd4 Rg4 29. Be2 Rg7 30. Rcb1 Qc8 31. bxc6 Bxc6 32. Bb5 Rc7 33. Bxc6 bxc6 34. Rb6 Bf8 35. R1b4 Rca7 36. Qb2 Kg8 37. Rb8 Qa6 38. Kg2 Qd3 39. Rxa8 Rxa8 40. Rb7 Qe4+ 41. Kf2 Qh1 42. h4 Qh2+ 43. Kf3 Qh1+ 44. Kf2 Qh2+ 45. Kf3 Qh1+ 46. Qg2 Qd1+ 47. Qe2 Qh1+ 48. Ke3 Qe4+ 49. Kf2 Qd4+ 50. Kg2 Qe4+ 51. Qf3 Qc2+ 52. Kh3 Bg7 53. Qh5 Rf8 54. Qg5 Rf7 55. Rb8+ Rf8 56. Rb7 Rf7 57. Rb8+ Rf8 58. Rxf8+ Kxf8 59. Qd8+ Kf7 60. Qd7+ Kf8 61. Qd8+ Kf7 62. Qd7+ Kf8 63. Qxe6 Qb1 64. Qc8+ Kf7 65. e6+ Kg6 66. Qe8+ Kh6 67. Kh2 Qc2+ 68. Kh3 Qd1 69. Kg2 Qe2+ 70. Kh1 Bd4 71. Qf8+ Bg7 72. Qxf5 Qf1+ 73. Kh2 Qf2+ 74. Kh3 Qf1+ 75. Kh2 Qf2+ 76. Kh3 Qf1+ 77. Kg4 Qe2+ 78. Kh3 Qf1+ 79. Kg4 Qe2+ 80. Kh3 Qf1+ 1/2-1/2

[Event "MEX-ch U26"]
[Site "Merida"]
[Date "2019.05.15"]
[Round "4"]
[White "Hernandez Vazquez, Gerardo"]
[Black "Gomez, Ornelas Brayan"]
[Result "1-0"]
[WhiteElo "1886"]
[BlackElo "1744"]
[PlyCount "107"]
[EventDate "2019.05.12"]
[EventType "swiss"]
[EventRounds "6"]
[EventCountry "MEX"]
[SourceTitle "EXT 2020"]
[Source "ChessBase"]
[SourceDate "2019.10.17"]
[SourceVersion "1"]
[SourceVersionDate "2019.10.17"]
[SourceQuality "1"]

1. e4 e6 2. d4 d5 3. Nd2 Nf6 4. e5 Nfd7 5. c3 c5 6. Bd3 Nc6 7. Ne2 a6 8. 0-0 b5 9. f4 Qb6 10. Nf3 h6 11. Kh1 Be7 12. Be3 a5 13. Rc1 Ba6 14. Qd2 Qb7 15. f5 exf5 16. Bxf5 cxd4 17. cxd4 Bb4 18. Nc3 Nb6 19. Qf2 Bxc3 20. bxc3 b4 21. Rfe1 Ne7 22. Bb1 Rc8 23. cxb4 axb4 24. Qg3 g6 25. Qf4 Nc4 26. Qf6 Rh7 27. Bf2 Na3 28. e6 Nxb1 29. Rxb1 Bd3 30. Rbc1 Rxc1 31. Rxc1 Bc4 32. Ne5 Bxa2 33. exf7+ Kf8 34. Be1 Bc4 35. Bxb4 Rg7 36. Bxe7+ Qxe7 37. Nxg6+ Rxg6 38. Qxg6 Qxf7 39. Qxf7+ Kxf7 40. Kg1 Kf6 41. Kf2 Kf5 42. Re1 Kf6 43. Re5 Bb3 44. g4 Kg6 45. Kg3 Kf6 46. Kf4 Bc4 47. h4 Bb3 48. Re1 Bc4 49. Rb1 Bd3 50. Rb6+ Kg7 51. Rd6 Be4 52. Ke5 Bf3 53. g5 hxg5 54. hxg5 1-0